|
|
|
|
| LEADER |
00592nam a2200157Ia 4500 |
| 008 |
161229s9999 xx 000 0 und d |
| 020 |
|
|
|a 0471859311
|
| 082 |
|
|
|a 519 MAR/QU
|
| 100 |
|
|
|a Markland, Robert E
|
| 245 |
|
|
|a Quantitative methods: applications to managerial decision making
|
| 260 |
|
|
|b John wiley and sons
|a New York
|c 1987
|
| 300 |
|
|
|a 827
|
| 700 |
|
|
|a Sweigart, James R
|
| 942 |
|
|
|c BK
|
| 999 |
|
|
|c 154469
|d 154469
|
| 952 |
|
|
|0 0
|1 0
|4 0
|6 519_000000000000000_MARQU
|7 0
|9 153546
|a KAUCLV
|b KAUCLV
|d 2016-12-29
|o 519 MAR/QU
|p 905778
|r 2016-12-29
|w 2016-12-29
|y BK
|z Book transferred from CCBM Library ,Acc.No:1635
|